[Event "38th Olympiad"]
[Site "Dresden GER"]
[Date "2008.11.23"]
[Round "10"]
[White "Miton,K"]
[Black "Smeets,J"]
[Result "0-1"]
[WhiteElo "2604"]
[BlackElo "2604"]

1.d4 d5 2.c4 c6 3.Nc3 Nf6 4.e3 e6 5.Nf3 Nbd7 6.Qc2 Bd6 7.Be2 O-O 8.O-O dxc4
9.Bxc4 a6 10.Rd1 b5 11.Be2 Qc7 12.e4 e5 13.g3 Re8 14.a3 exd4 15.Nxd4 Nc5
16.Bf3 Bh3 17.Bg5 Be5 18.Rac1 Bxd4 19.Rxd4 Qe5 20.Be3 Ng4 21.Bxg4 Bxg4 22.f4 Qe6
23.Re1 Nb3 24.Rb4 Na5 25.Rd4 Nb3 26.Rb4 Na5 27.Rd4 f6 28.Rd3 Bh5 29.f5 Qe7
30.g4 Bxg4 31.Qg2 Bh5 32.Bf4 Rad8 33.Rh3 Qf7 34.e5 fxe5 35.Bg5 Rd4 36.Ne4 Nc4
37.Rh4 Nd6 38.Nf6+ gxf6 39.Bxf6+ Kf8 40.Qg5 Rxh4 41.Qh6+ Kg8 42.Qg5+ Qg6  0-1

[Event "38th Olympiad"]
[Site "Dresden GER"]
[Date "2008.11.23"]
[Round "10"]
[White "Mamedyarov,S"]
[Black "Adly,A"]
[Result "1-0"]
[WhiteElo "2731"]
[BlackElo "2586"]

1.d4 d5 2.c4 e6 3.Nc3 Nf6 4.Nf3 c6 5.e3 Nbd7 6.Bd3 Bd6 7.e4 dxc4 8.Bxc4 e5
9.O-O O-O 10.Bg5 Qe7 11.Re1 Rd8 12.Qe2 Nb6 13.Bb3 Bg4 14.h3 Bxf3 15.Qxf3 exd4
16.e5 Bxe5 17.Ne4 Nbd5 18.Nxf6+ gxf6 19.Bh6 Kh8 20.Bc2 Qe8 21.Re4 Rd6 22.Rh4 Ne7
23.Bxh7 Kxh7 24.Bf8+ Kg8 25.Bxe7 f5 26.Bxd6 Bxd6 27.Qxf5 Qe5 28.Qh7+ Kf8
29.Qh8+ Ke7 30.Qxe5+ Bxe5 31.Re1 Kf6 32.Rhe4 d3 33.Rd1 Rd8 34.Re3 Bxb2 35.Rexd3 Rb8
36.Rf3+ Ke6 37.Re3+ Kf6 38.Rd7 Be5 39.Rf3+ Ke6 40.Rfxf7 b5 41.Rfe7+ Kf6 42.Rxa7 c5
43.Reb7  1-0

[Event "38th Olympiad"]
[Site "Dresden GER"]
[Date "2008.11.25"]
[Round "11"]
[White "Svetushkin,D"]
[Black "Predojevic,B"]
[Result "0-1"]
[WhiteElo "2588"]
[BlackElo "2615"]

1.d4 Nf6 2.c4 e6 3.Nf3 d5 4.Nc3 c6 5.e3 Nbd7 6.Qc2 Bd6 7.b3 O-O 8.Be2 b6
9.O-O Bb7 10.Bb2 Qe7 11.Rad1 c5 12.cxd5 exd5 13.Qf5 Rfe8 14.Bb5 Rad8 15.Ne2 Qe6
16.Qc2 Ne4 17.Ne5 Bxe5 18.dxe5 Qh6 19.f4 f6 20.Bd3 Nxe5 21.fxe5 Qxe3+ 22.Kh1 Nf2+
23.Rxf2 Qxf2 24.Bxh7+ Kh8 25.Ng3 Qxc2 26.Bxc2 fxe5 27.Bg6 Re6 28.Bf5 Re7
29.h4 Rf8 30.Bg6 d4 31.Be4 Rf4 32.Re1 Rxh4+ 33.Kg1 Bxe4 34.Nxe4 Rh6 35.Bc1 Rc6
36.Bg5 Re8 37.Rc1 Kg8 38.Kf2 Kf7 39.Kf3 Ke6 40.Rd1 b5 41.Bd2 Kd5 42.Re1 Rf8+
43.Kg4 c4  0-1

[Event "38th Olympiad"]
[Site "Dresden GER"]
[Date "2008.11.25"]
[Round "11"]
[White "Kramnik,V"]
[Black "Shirov,A"]
[Result "1/2-1/2"]
[WhiteElo "2772"]
[BlackElo "2726"]

1.d4 d5 2.c4 c6 3.Nc3 Nf6 4.e3 e6 5.Nf3 Nbd7 6.Bd3 dxc4 7.Bxc4 b5 8.Bd3 Bb7
9.e4 b4 10.Na4 c5 11.e5 Nd5 12.O-O cxd4 13.Nxd4 Be7 14.Re1 O-O 15.Qg4 Re8
16.Bb5 Kh8 17.Bd2 a6 18.Bc6 Bxc6 19.Nxc6 Qc7 20.Rac1 Qb7 21.Nxe7 Rxe7 22.b3 a5
23.Nb2 N7b6 24.Nc4 Nxc4 25.bxc4 f5 26.Qh4 Nb6 27.Re3 Rf7 28.Rh3 g6 29.Rd3 Nd7
30.Rd6 Qe4 31.Qxe4 fxe4 32.Be3 Kg8 33.Rxe6 Rf5 34.c5 Nxe5 35.c6 Kf7 36.Rd6 Rf6
37.Rxf6+ Kxf6 38.c7 Rc8 39.Rc5 Nd3 40.Rxa5 Rxc7 41.h4 h5 42.Ra6+ Kf7 43.Kh2 Rc3
44.Kg3  1/2-1/2

[Event "38th Olympiad"]
[Site "Dresden GER"]
[Date "2008.11.25"]
[Round "11"]
[White "Braun,A"]
[Black "Gurevich,M1"]
[Result "0-1"]
[WhiteElo "2567"]
[BlackElo "2634"]

1.d4 d5 2.c4 c6 3.Nf3 Nf6 4.Nc3 e6 5.e3 a6 6.b3 Bb4 7.Bd2 Nbd7 8.Bd3 O-O
9.O-O Bd6 10.e4 dxc4 11.bxc4 e5 12.c5 Bc7 13.Na4 exd4 14.h3 Re8 15.Re1 h6
16.Rb1 Nf8 17.Qc2 N6d7 18.Rb3 Qf6 19.Bc4 Ng6 20.Nb6 Nxb6 21.cxb6 Bd6 22.e5 Bf5
23.exf6 Bxc2 24.Rb2 d3 25.a4 Ne5 26.Nxe5 Bxe5 27.Ra2 Bxf6  0-1

[Event "38th Olympiad"]
[Site "Dresden GER"]
[Date "2008.11.25"]
[Round "11"]
[White "Oyunbaatar,T"]
[Black "Nezad,H"]
[Result "0-1"]
[WhiteElo "2306"]
[BlackElo "2401"]

1.d4 d5 2.c4 e6 3.Nf3 Nf6 4.Nc3 c6 5.e3 Nbd7 6.Bd3 dxc4 7.Bxc4 b5 8.Bd3 Bb7
9.a3 a6 10.b4 a5 11.Rb1 Bd6 12.O-O O-O 13.e4 e5 14.d5 cxd5 15.exd5 axb4 16.axb4 Rc8
17.Nxb5 Bb8 18.Bg5 h6 19.Bxf6 Nxf6 20.Bf5 Rc4 21.d6 Rf4 22.Bh3 Ba6 23.Qe2 Re4
24.Qd3 Qb6 25.Rfd1 Bxb5 26.Qc3 Re2 27.Qc5 Ba7 28.d7 Rd8 29.Rbc1 Ne4 30.Qxb6 Bxb6
31.Rc8 Nxf2 32.Rxd8+ Bxd8 33.Rd5 Nxh3+ 34.gxh3 Bc6 35.Kf1 Bxd5 36.Kxe2 Bxf3+
37.Kxf3 f5  0-1

[Event "38th Olympiad w"]
[Site "Dresden GER"]
[Date "2008.11.25"]
[Round "11"]
[White "Djingarova,E"]
[Black "Yanjindulam,D"]
[Result "1-0"]
[WhiteElo "2352"]
[BlackElo "2286"]

1.d4 Nf6 2.c4 e6 3.Nf3 d5 4.Nc3 c6 5.e3 Nbd7 6.Bd3 dxc4 7.Bxc4 b5 8.Bd3 a6
9.a4 b4 10.Ne4 c5 11.Nxf6+ Nxf6 12.dxc5 Bxc5 13.O-O Bb7 14.Qe2 Qc7 15.e4 e5
16.Bg5 Nd7 17.Nh4 g6 18.Bh6 Be7 19.Nf3 Qa5 20.Bc4 Bf6 21.Rfd1 Nc5 22.Bd5 O-O-O
23.Bg5 Bxd5 24.Bxf6 Nxe4 25.Bxh8 Rxh8 26.Nxe5 Re8 27.Nc4 Bxc4 28.Qxc4+ Kb8
29.Qxf7 Qe5 30.Rd5 Qh8 31.Rad1 Nf6 32.Rd6  1-0

[Event "38th Olympiad"]
[Site "Dresden GER"]
[Date "2008.11.25"]
[Round "11"]
[White "Asefi,Z"]
[Black "Samhouri,A"]
[Result "0-1"]
[WhiteElo "2172"]
[BlackElo "2378"]

1.d4 Nf6 2.c4 e6 3.Nc3 d5 4.Nf3 c6 5.e3 Nbd7 6.Qc2 Bd6 7.cxd5 exd5 8.Bd3 O-O
9.O-O Re8 10.Rb1 a5 11.a3 Qe7 12.Ne2 Ne4 13.Ng3 Nf8 14.Bd2 Ng6 15.Rfc1 Bg4
16.Be1 Bxf3 17.gxf3 Ng5 18.Be2 Nh4 19.Qd1 Qd7 20.Kh1 Bxg3 21.fxg3 Nf5 22.Bf2 Nxe3
23.Qd2 Nf5 24.g4 Nd6 25.Re1 Ne6 26.Rbc1 Nc4 27.Qc3 Nd6 28.Qd2 Qd8 29.Bd3 Qf6
30.Be2 Ng5 31.Rc3 Nge4 32.fxe4 Nxe4 33.Qc1 Nxc3 34.Be3 Nxe2  0-1

[Event "38th Olympiad"]
[Site "Dresden GER"]
[Date "2008.11.25"]
[Round "11"]
[White "Blagojevic,Dr"]
[Black "Khamrakulov,D"]
[Result "1-0"]
[WhiteElo "2522"]
[BlackElo "2533"]

1.d4 d5 2.c4 c6 3.Nc3 Nf6 4.e3 e6 5.Nf3 Nbd7 6.Bd3 Bd6 7.e4 dxe4 8.Nxe4 Nxe4
9.Bxe4 Nf6 10.Bc2 b6 11.O-O Bb7 12.Qe2 Qc7 13.Bd2 Ng4 14.g3 O-O-O 15.Bc3 h5
16.b4 h4 17.c5 Be7 18.Bd2 hxg3 19.hxg3 Bf6 20.Qe4 bxc5 21.bxc5 Nh2 22.Nxh2 Rxd4
23.Qe2 Rd5 24.Rab1 Rxc5 25.Bf4 Be5 26.Be3 Ra5 27.f4 Bf6 28.Be4 Ba6 29.Bd3 Bxd3
30.Qxd3 Rxa2 31.Rf2 Rd8 32.Qc4 Ra3 33.Ra2 Rdd3 34.Rxa3 Rxa3 35.Bf2 Qd6 36.Nf1 Ra5
37.Rc1 Kc7 38.Qb3 g5 39.fxg5 Bxg5 40.Rd1 Rd5 41.Ra1 a5 42.Qb6+ Kd7 43.Rxa5 Rxa5
44.Qxa5 f5 45.Qa7+ Qc7 46.Qd4+ Qd6 47.Qg7+ Be7 48.Bd4 Qb4 49.Nh2 Qe1+ 50.Kg2 Qe2+
51.Bf2 c5 52.Nf3 c4 53.Qd4+ Bd6 54.Nd2 Qd3 55.Nxc4 Qxd4 56.Bxd4 Bb4 57.Kf3 Kc6
58.Kf4 Bf8 59.Bf6 Bb4 60.Bg7 Be1 61.Ne5+ Kd5 62.Nd3 Bd2+ 63.Kf3 Ba5 64.Be5 Bb6
65.Bb8 Kd4 66.Ne5 Kd5 67.Ng6 Kd4 68.Be5+ Kd5 69.Kf4 Bc5 70.Bb8 Kd4 71.Kf3 Bb6
72.Bd6 Kd5 73.Be5 Ba7 74.Bb2 Bb8 75.Ne7+ Kc4 76.Nc6 Bd6 77.Be5 Bf8 78.Bf6 Bh6
79.Ne5+ Kd5 80.Ng6 Bc1 81.Be5 Ba3 82.Ke3 Bc5+ 83.Kd3 Ba7 84.Bc7 Bf2 85.Bb8 Kc6
86.Kc4 Kd7 87.Bf4 Ke8 88.Kb5 Kf7 89.Ne5+ Kf6 90.Kc6 Bd4 91.Kd6 Bc3 92.Nd3 Kf7
93.Be5 Bd2 94.Nf4 Bb4+ 95.Kd7 Be1 96.Nxe6 Kg6 97.Nd4 Bf2 98.Ke6 Kg5 99.Nxf5 Kg4
100.Kf6 Be1 101.Kg6 Bd2 102.Nh6+ Kf3 103.Kh5 Ke4 104.Bc7 Kf3 105.Nf7  1-0

[Event "38th Olympiad"]
[Site "Dresden GER"]
[Date "2008.11.25"]
[Round "11"]
[White "Georgiev,Vl"]
[Black "Zambrana,O"]
[Result "1/2-1/2"]
[WhiteElo "2517"]
[BlackElo "2478"]

1.d4 Nf6 2.c4 c6 3.Nc3 d5 4.e3 e6 5.Nf3 Nbd7 6.Bd3 dxc4 7.Bxc4 b5 8.Be2 Bb7
9.O-O Be7 10.e4 b4 11.e5 bxc3 12.exf6 Nxf6 13.bxc3 O-O 14.Rb1 Qc7 15.Bf4 Qxf4
16.Rxb7 Bd6 17.g3 Qf5 18.Nd2 c5 19.Nc4 Qd5 20.Rb5 Rac8 21.Qd3 Be7 22.Bf3 Qd8
23.Ne5 Nd5 24.Rb7 Rc7 25.Bxd5 exd5 26.Rfb1 Bd6 27.Qf3 Bxe5 28.dxe5 d4 29.c4 h6
30.Qd5 Rxb7 31.Rxb7 Qa5 32.Kg2 Qxa2 33.Qxc5 d3 34.Rxa7 Qe2 35.Qd5 d2 36.Rd7 d1=N
37.Qxd1 Qxc4 38.f3 Re8 39.f4 Ra8 40.Rd8+ Rxd8 41.Qxd8+ Kh7 42.Qd2 Qe4+ 43.Kf2 g6
44.Qd7 Kg7 45.h3 h5 46.Qd2 Qh1 47.Qc3 Qh2+ 48.Kf3 Qh1+ 49.Kf2 Qh2+ 50.Ke1 Kh7
51.h4 Qg1+ 52.Ke2 Qg2+ 53.Kd1 Qf2 54.Qe1 Qg2 55.Qe3 Kg8 56.Ke1 Qc2 57.Qe2 Qc3+
58.Kf2 Qc5+ 59.Kg2 Qd5+ 60.Kh2 Qd7 61.Qc2 Qe6 62.Qd2 Kh7 63.Qe2 Kg8 64.Qe4 Qf5
65.Qa8+ Kg7 66.Qc6 Qd3 67.Qg2 Kg8 68.Qb2 Kh7 69.Qa2 Qf5 70.Qc4 Qd7 71.Qe2 Kg8
72.g4 Qxg4 73.Qxg4 hxg4 74.Kg3 f5 75.exf6 Kf7 76.Kxg4 Kxf6 77.Kf3 Kf5 78.Kg3 Ke6
79.Kg4  1/2-1/2

[Event "Young Stars of the World"]
[Site "Kirishi RUS"]
[Date "2008.11.26"]
[Round "10"]
[White "Giri,A"]
[Black "Paikidze,N"]
[Result "1-0"]
[WhiteElo "2466"]
[BlackElo "2292"]

1.d4 d5 2.c4 c6 3.Nc3 Nf6 4.e3 e6 5.Nf3 Nbd7 6.Qc2 Bd6 7.g4 h6 8.Rg1 Qe7
9.Bd2 dxc4 10.Bxc4 a6 11.e4 e5 12.g5 hxg5 13.Nxg5 Rf8 14.f4 exd4 15.Ne2 b5
16.Nxd4 Nb8 17.Be2 Bc5 18.Qd3 Ra7 19.e5 Rd7 20.Ngf3 Bxd4 21.Nxd4 Nd5 22.Nf5 Qc5
23.Qg3 g6 24.Nd6+ Rxd6 25.exd6 Bf5 26.Bg4 Bxg4 27.Qxg4 Nd7 28.Rg2 Kd8 29.Re2 f5
30.Qxg6 N5f6 31.Rc1 Qxd6 32.Qxf5 Qd4 33.Kd1 c5 34.b3 Nd5 35.Qe4 Rxf4 36.Qxd4 Rxd4
37.Kc2 Kc7 38.Rd1 Kd6 39.Be1  1-0

[Event "sub-zt 2.3.4 Absoluto"]
[Site "San Andres COL"]
[Date "2008.11.27"]
[Round "3"]
[White "Ramirez,Ca COL"]
[Black "Becerra,J"]
[Result "1/2-1/2"]
[WhiteElo "2284"]
[BlackElo "2142"]

1.d4 d5 2.c4 c6 3.Nf3 e6 4.Nc3 Nf6 5.e3 Nbd7 6.Bd3 dxc4 7.Bxc4 Bd6 8.O-O O-O
9.h3 Qe7 10.Re1 e5 11.e4 exd4 12.e5 Nxe5 13.Nxe5 Bxe5 14.Bf4 dxc3 15.Bxe5 cxb2
16.Bxb2 Be6 17.Qf3 Rfe8 18.Rab1 Rad8 19.Bxf6 gxf6 20.Re4 f5 21.Qg3+ Kh8 22.Qc3+ Kg8
23.Re3 f4 24.Re4 Qc7 25.Rbe1 Qd7 26.Qf6  1/2-1/2

[Event "Bundesliga 2008-9"]
[Site "Dresden GER"]
[Date "2008.11.28"]
[Round "7"]
[White "Roos,M GER"]
[Black "Maksimenko,A"]
[Result "1/2-1/2"]
[WhiteElo "2367"]
[BlackElo "2536"]

1.d4 d5 2.c4 e6 3.Nc3 c6 4.e3 Nf6 5.Nf3 Nbd7 6.Bd3 dxc4 7.Bxc4 b5 8.Bd3 a6
9.e4 c5 10.d5 Qc7 11.dxe6 fxe6 12.O-O Bb7 13.Ng5 Qc6 14.f4 c4  1/2-1/2

[Event "Bundesliga 2008-9"]
[Site "Baden Baden GER"]
[Date "2008.11.29"]
[Round "5"]
[White "Vallejo Pons,F"]
[Black "Abel,D"]
[Result "1-0"]
[WhiteElo "2664"]
[BlackElo "2328"]

1.c4 c6 2.Nc3 d5 3.d4 Nf6 4.e3 e6 5.Nf3 Nbd7 6.Qc2 Bd6 7.g4 h6 8.h3 Qe7 9.Bd2 dxc4
10.e4 e5 11.Bxc4 b5 12.Bd3 Bb7 13.O-O-O a6 14.Rhe1 O-O-O 15.Nd5 Qe6 16.Ba5 Rdg8
17.dxe5 Bxe5 18.Kb1 Kb8 19.Nxe5 Nxe5 20.Bc7+ Kc8 21.Bxe5 Qxe5 22.f4 Qe8 23.Nxf6 gxf6
24.e5 Qe7 25.Bf5+ Kb8 26.Rd7 Qb4 27.Re4 Qa5 28.Qc5 fxe5 29.b4  1-0

[Event "Bundesliga 2008-9"]
[Site "Munich GER"]
[Date "2008.11.29"]
[Round "5"]
[White "Appel,R"]
[Black "Ribli,Z"]
[Result "1/2-1/2"]
[WhiteElo "2541"]
[BlackElo "2577"]

1.d4 Nf6 2.Nf3 d5 3.c4 e6 4.Nc3 c6 5.e3 Nbd7 6.b3 Bb4 7.Bd2 O-O 8.Be2 Bd6
9.O-O b6 10.Qc2 Bb7 11.a3 c5 12.cxd5 exd5 13.Rfd1 Rc8 14.Be1 Qe7 15.Qb2 Rfd8
16.a4 a6 17.a5 b5 18.dxc5 Nxc5 19.Nd4 g6 20.Bf3 Nfe4 21.g3 Nxc3 22.Bxc3 Ne4
23.Be1 h5 24.Bg2 Rc7 25.Rdc1 Rxc1 26.Qxc1 Rc8 27.Qd1 h4  1/2-1/2

[Event "UTD Invitational IM"]
[Site "Richardson USA"]
[Date "2008.11.29"]
[Round "7"]
[White "Annakov,B"]
[Black "Bantic,M"]
[Result "1-0"]
[WhiteElo "2455"]
[BlackElo "2195"]

1.d4 d5 2.c4 c6 3.Nf3 Nf6 4.Nc3 e6 5.e3 Nbd7 6.Bd3 dxc4 7.Bxc4 b5 8.Bb3 a6
9.O-O Bb7 10.e4 b4 11.e5 bxc3 12.exf6 cxb2 13.fxg7 bxc1=Q 14.gxh8=Q Qh6 15.Qc1 Qh5
16.Qf4 Qb6 17.Qg8 Qf5 18.Qgg5 Qxf4 19.Qxf4 Be7 20.Rfe1 Nf6 21.Ne5 Qc7 22.Qg3 Bf8
23.Qf3 Be7 24.Rac1 c5 25.Qg3 O-O-O 26.Nxf7 Rg8 27.Bxe6+ Kb8 28.Qxc7+ Kxc7
29.Bh3 Nd5  1-0

[Event "Mediterranean Open"]
[Site "Rijeka CRO"]
[Date "2008.11.29"]
[Round "1"]
[White "Kovacevic,Bl"]
[Black "Baljak,J"]
[Result "1-0"]
[WhiteElo "2472"]
[BlackElo "1971"]

1.d4 d5 2.c4 e6 3.Nc3 c6 4.e3 Nf6 5.Nf3 Nbd7 6.Bd3 dxc4 7.Bxc4 b5 8.Be2 a6
9.e4 Bb7 10.e5 Nd5 11.Nxd5 cxd5 12.O-O Be7 13.Bd3 h6 14.Ne1 Qb6 15.Be3 O-O-O
16.a4 Kb8 17.axb5 axb5 18.Nc2 Bc6 19.Qd2 Kb7 20.Nb4 Bxb4 21.Qxb4 Ra8 22.Qe7 Rhf8
23.Rxa8 Kxa8 24.Be2 Qd8 25.Qb4 Qb6 26.Bh5 Qd8 27.Qd6 Kb7 28.Rc1 Qc7 29.Qe7 Qd8
30.Qxd8 Rxd8 31.Bxf7 Nf8 32.Bd2 Bd7 33.Bb4 Nh7 34.f4 Ra8 35.Bd6 Rd8 36.Kf2 Be8
37.Ke3 Nf8 38.g4 Bd7 39.h4 Bc8 40.g5 Bd7 41.gxh6 gxh6 42.f5 Bc8 43.Bxf8 Rxf8
44.fxe6 Rh8 45.e7 Bd7 46.e6  1-0

[Event "TCh-HUN 2008-9"]
[Site "Decs HUN"]
[Date "2008.11.30"]
[Round "3"]
[White "Toth,E"]
[Black "Almasi,I"]
[Result "1/2-1/2"]
[WhiteElo "2401"]
[BlackElo "2399"]

1.d4 d5 2.c4 c6 3.Nc3 Nf6 4.e3 e6 5.Nf3 Nbd7 6.Qc2 Bd6 7.b3 O-O 8.Be2 Re8
9.Bb2 b6 10.O-O Bb7 11.Rad1 Qc7 12.h3 Rad8  1/2-1/2

[Event "Bundesliga 2008-9"]
[Site "Dresden GER"]
[Date "2008.11.30"]
[Round "6"]
[White "Goloshchapov,A"]
[Black "Maksimenko,A"]
[Result "1-0"]
[WhiteElo "2579"]
[BlackElo "2536"]

1.d4 d5 2.c4 c6 3.Nc3 Nf6 4.e3 e6 5.Nf3 Nbd7 6.Qc2 Bd6 7.Be2 O-O 8.O-O dxc4
9.Bxc4 a6 10.a4 c5 11.dxc5 Bxc5 12.b3 b6 13.Ne4 Be7 14.Rd1 Bb7 15.Nxf6+ Bxf6
16.Nd4 Qc7 17.Bb2 Rfc8 18.Rac1 Ne5 19.Nxe6 Qe7 20.Bxe5 Bxe5 21.Qf5 Bf6 22.Nf4 Rd8
23.Nd5 Bxd5 24.Bxd5 Ra7 25.Rc6 b5 26.e4 bxa4 27.bxa4 a5 28.e5 Bg5 29.f4 Rc7
30.Rxc7 Qxc7 31.fxg5  1-0

[Event "21st Belgrade Trophy"]
[Site "Obrenovac SRB"]
[Date "2008.11.30"]
[Round "4"]
[White "Mihajlovic,M"]
[Black "Zivkovic,Drago"]
[Result "1-0"]
[WhiteElo "2201"]
[BlackElo "2087"]

1.Nf3 d5 2.c4 c6 3.d4 Nf6 4.e3 e6 5.Nc3 Bb4 6.Bd3 Nbd7 7.O-O O-O 8.a3 Bxc3
9.bxc3 Qc7 10.Re1 dxc4 11.Bxc4 e5 12.e4 h6 13.h3 b5 14.Ba2 Bb7 15.Nh4 Kh7
16.Nf5 Nb6 17.Qf3 Ng8 18.Qg3 f6 19.h4 Bc8 20.Ne3 Qe7 21.Nf5 Bxf5 22.exf5 Nd7
23.Bb2 Qe8 24.Be6 Ne7 25.Re4 Rd8 26.Rg4 g5 27.fxg6+ Kg7 28.Bf7 Rxf7 29.gxf7+ Kxf7
30.Rg7+ Ke6 31.c4 Qh5 32.Re1 Nf5 33.Qh3 Qxh4 34.d5+ cxd5 35.cxd5+ Kd6 36.Qxf5 Nc5
37.Rf7  1-0

[Event "Mediterranean Open"]
[Site "Rijeka CRO"]
[Date "2008.11.30"]
[Round "3"]
[White "Bosiocic,Mari"]
[Black "Martinovic,Sa"]
[Result "1-0"]
[WhiteElo "2549"]
[BlackElo "2416"]

1.d4 d5 2.c4 c6 3.Nf3 Nf6 4.Nc3 e6 5.e3 a6 6.b3 Bb4 7.Bd2 Bd6 8.Bd3 c5 9.cxd5 exd5
10.dxc5 Bxc5 11.h3 O-O 12.O-O Nc6 13.Ne2 Qe7 14.Bc3 Ne4 15.Bb2 Bf5 16.Nfd4 Bd7
17.Nf4 Bxd4 18.exd4 Qd6 19.Bxe4 dxe4 20.Qd2 Ne5 21.Rfe1 Bf5 22.Bc3 Ng6 23.Nxg6 Qxg6
24.Re3 Rfd8 25.Rg3 Qd6 26.d5 f6 27.Rd1 Rd7 28.Bb4 Qe5 29.Bc3 Qd6 30.Qd4 Rad8
31.Rd2 Bg6 32.Ba5 Qxd5 33.Qb6 Qc6 34.Qxd8+ Rxd8 35.Rxd8+ Kf7 36.Rc3 Qb5 37.Rc7+ Ke6
38.Bd2 Be8 39.a4 Qxb3 40.Rxe8+ Kf5 41.Kh2 Qd1 42.Rd7  1-0

[Event "Mediterranean Open"]
[Site "Rijeka CRO"]
[Date "2008.11.30"]
[Round "3"]
[White "Golubovic,B"]
[Black "Brkic,A"]
[Result "1/2-1/2"]
[WhiteElo "2405"]
[BlackElo "2558"]

1.d4 d5 2.Nf3 Nf6 3.c4 e6 4.Nc3 c6 5.e3 Nbd7 6.b3 Bb4 7.Bd2 Qe7 8.Be2 O-O
9.O-O b6 10.Qc2 Bb7 11.cxd5 exd5 12.a4 a5 13.Rab1 Bd6 14.Nh4 g6 15.g3 Rfe8
16.f3 Rac8 17.Rfe1 Nb8 18.Bf1 c5 19.Bh3  1/2-1/2

[Event "Snowdrops vs Old-hands"]
[Site "Marianske Lazne CZE"]
[Date "2008.12.02"]
[Round "4"]
[White "Uhlmann,W"]
[Black "Ushenina,A"]
[Result "0-1"]
[WhiteElo "2417"]
[BlackElo "2496"]

1.c4 c6 2.d4 d5 3.Nf3 Nf6 4.Nc3 e6 5.e3 a6 6.b3 Bb4 7.Bd2 Nbd7 8.Bd3 O-O
9.O-O Bd6 10.e4 dxc4 11.bxc4 e5 12.d5 Nc5 13.Bg5 h6 14.Bh4 g5 15.Bg3 Bg4
16.Re1 Qe7 17.h3 Bh5 18.h4 Nfd7 19.hxg5 hxg5 20.Be2 Bg6 21.Bf1 f6 22.Nh2 Bc7
23.f3 f5 24.exf5 Bxf5 25.Bf2 Qf6 26.Qd2 e4 27.g3 Rae8 28.fxe4 Rxe4 29.Nf3 Rg4
30.Nh2 Rxg3+ 31.Bxg3 Bxg3 32.Nf3 Bf4 33.Qd4 Qh6 34.Re2 g4 35.Nh4 Bd3 36.Re7 Ne5  0-1

[Event "68th ch-ITA"]
[Site "Martina Franca ITA"]
[Date "2008.12.03"]
[Round "11"]
[White "Rombaldoni,D"]
[Black "Bruno,Fabi"]
[Result "1/2-1/2"]
[WhiteElo "2436"]
[BlackElo "2452"]

1.Nf3 d5 2.d4 Nf6 3.c4 c6 4.e3 e6 5.Nc3 Nbd7 6.Qc2 b6 7.b3 Bb7 8.Bb2 Bd6
9.Bd3 O-O 10.O-O Qe7 11.Rfe1 Rfd8 12.Rad1 h6 13.e4 Bb4 14.e5  1/2-1/2

[Event "Mediterranean Open"]
[Site "Rijeka CRO"]
[Date "2008.12.03"]
[Round "6"]
[White "Bosiocic,Mari"]
[Black "Grachev,B"]
[Result "1/2-1/2"]
[WhiteElo "2549"]
[BlackElo "2653"]

1.d4 d5 2.c4 c6 3.Nf3 Nf6 4.Nc3 e6 5.e3 Nbd7 6.Qc2 Bd6 7.g4 h6 8.h3 b5 9.cxb5 c5
10.Bd2 Bb7 11.Bg2 Rc8 12.O-O g5 13.Ne5 Nxe5 14.dxe5 Bxe5 15.f4 gxf4  1/2-1/2

[Event "Mediterranean Open"]
[Site "Rijeka CRO"]
[Date "2008.12.03"]
[Round "6"]
[White "Rukavina,J"]
[Black "Klobucar,D"]
[Result "1/2-1/2"]
[WhiteElo "2429"]
[BlackElo "2168"]

1.d4 d5 2.c4 c6 3.Nf3 Nf6 4.e3 e6 5.Nc3 Nbd7 6.Qc2 Bd6 7.b3 O-O 8.Be2 e5
9.cxd5 Nxd5 10.Nxd5 cxd5 11.dxe5 Nxe5 12.Bb2 Bb4+ 13.Kf1 Nxf3 14.Bxf3 Be6
15.Qd3 Be7 16.Ke2 Bf6 17.Bd4 Bxd4 18.Qxd4 Rc8 19.Rhd1 Qa5 20.Rd2 Rfd8 21.Rad1 Rd7
22.h3 h6 23.Kf1 b6 24.Kg1 Qa3 25.Qb2 Qxb2 26.Rxb2 Kf8 27.Rbd2 Ke7 28.Kf1 a5
29.Ke1 Rc5 30.Rd4 f5 31.Be2 Rdc7 32.Bd3 Rc1 33.Kd2 Rxd1+ 34.Kxd1 Kd6 35.Kd2 g5
36.g3 Ke5 37.h4 Rf7 38.hxg5 hxg5 39.f4+ gxf4 40.gxf4+ Kd6 41.b4 Rb7 42.bxa5 bxa5
43.Ra4 Ra7 44.Ra3 Kc5 45.Rc3+ Kd6 46.Rb3 Kc5 47.Kc3 a4 48.Rb5+ Kc6 49.a3 Rh7
50.Ra5 Rh1 51.Ra6+ Kd7 52.Rxa4 Rd1 53.Ra6 Ke7 54.Ra5 Kd6 55.Kd4 Bg8 56.a4 Bf7
57.Ra6+ Ke7 58.Rb6 Bh5 59.Rb2 Bf3 60.Kc3 Be4 61.Be2 Ra1 62.Kb4 Kd6 63.a5 d4
64.Rd2 Rb1+ 65.Kc4 Bd5+ 66.Kxd4 Rb4+ 67.Kc3 Rb3+ 68.Kc2 Ra3 69.a6 Kc5 70.Bd3 Bb3+
71.Kb1 Kb4 72.Bxf5 Rxa6 73.Bc2 Bc4 74.Bf5 Ra3 75.Rb2+ Kc3 76.Bg6 Bd3+ 77.Bxd3 Kxd3
78.f5 Kxe3 79.f6 Ra7  1/2-1/2

[Event "Mediterranean Open"]
[Site "Rijeka CRO"]
[Date "2008.12.04"]
[Round "7"]
[White "Cebalo,M"]
[Black "Brkic,A"]
[Result "1-0"]
[WhiteElo "2493"]
[BlackElo "2558"]

1.d4 d5 2.c4 c6 3.Nf3 Nf6 4.Nc3 e6 5.e3 Nbd7 6.Bd3 dxc4 7.Bxc4 b5 8.Be2 Bb7
9.O-O Be7 10.e4 b4 11.e5 bxc3 12.exf6 Bxf6 13.bxc3 c5 14.dxc5 O-O 15.Ba3 Be7
16.Qd4 Bd5 17.Rfd1 Qc7 18.c4 Bc6 19.Qe3 e5 20.Ng5 Rad8 21.Bd3 h6 22.Ne4 Bxe4
23.Bxe4 Nxc5 24.Bd5 Kh8 25.Rab1 f5 26.Qg3 Rb8 27.h3 Rb6 28.Rxb6 axb6 29.Bb2 Bf6
30.Re1 f4 31.Qg6 Qa7 32.Rxe5 Qa4 33.Kh2 Qd7 34.Rh5  1-0

[Event "Open"]
[Site "Figueira da Foz POR"]
[Date "2008.12.05"]
[Round "7"]
[White "Rotstein,A"]
[Black "Garcia Perez,R"]
[Result "1/2-1/2"]
[WhiteElo "2496"]
[BlackElo "1919"]

1.Nf3 d5 2.c4 c6 3.e3 Nf6 4.Nc3 e6 5.d4 a6 6.b3 Bb4 7.Bd2 Nbd7 8.g3 Bxc3
9.Bxc3 Ne4 10.Qc2 Ndf6 11.Bg2 Nxc3 12.Qxc3 Ne4 13.Qb2 O-O 14.O-O Qe7 15.Ne5 f6
16.Nd3 Bd7 17.Rac1 Be8 18.f3 Ng5 19.e4 dxe4 20.fxe4 Bg6 21.Rce1 e5 22.dxe5 fxe5
23.Rxf8+ Rxf8 24.Qxe5 Qd8 25.Nf4 Re8 26.Qc3 Nxe4 27.Bxe4 Rxe4 28.Rxe4 Bxe4
29.c5 Qg5 30.Kf2 Bd5 31.Qd3 Qh6 32.b4 Qxh2+ 33.Ke1 Qh1+ 34.Ke2 Qh2+ 35.Kf1 Qh1+
36.Ke2 Qh2+ 37.Kf1  1/2-1/2

[Event "77th ch-UKR"]
[Site "Poltava UKR"]
[Date "2008.12.05"]
[Round "4"]
[White "Brodsky,M"]
[Black "Tukhaev,A"]
[Result "1/2-1/2"]
[WhiteElo "2550"]
[BlackElo "2498"]

1.d4 Nf6 2.c4 e6 3.Nf3 d5 4.Nc3 c6 5.e3 Nbd7 6.Bd3 dxc4 7.Bxc4 b5 8.Bd3 Bb7
9.a3 Bd6 10.O-O O-O 11.Bd2 e5 12.Ng5 Qc7 13.h3 Rad8 14.Qc2 h6 15.Nge4 Nxe4
16.Nxe4 exd4 17.exd4 c5 18.Nxd6 Qxd6 19.Rfe1 Rfe8 20.Rxe8+ Rxe8 21.dxc5 Nxc5
22.Bf1 Be4 23.Qc3 Nd3 24.Be3 a6 25.Qd4 Qxd4 26.Bxd4 Rd8 27.Bc3 f6 28.f3 Bg6
29.a4 b4 30.Bxd3 Bxd3 31.Bxb4 Bc2 32.Bc3 Rd1+  1/2-1/2

[Event "Mediterranean Open"]
[Site "Rijeka CRO"]
[Date "2008.12.05"]
[Round "8"]
[White "Jankovic,A"]
[Black "Grachev,B"]
[Result "1/2-1/2"]
[WhiteElo "2548"]
[BlackElo "2653"]

1.d4 d5 2.c4 c6 3.Nc3 Nf6 4.e3 e6 5.Nf3 Nbd7 6.Bd3 dxc4 7.Bxc4 b5 8.Bd3 Bd6
9.O-O O-O 10.a3 Bb7 11.Qc2 a6 12.b4 a5 13.Rb1 axb4 14.axb4 Qe7 15.e4 e5 16.dxe5 Nxe5
17.Nxe5 Qxe5 18.f4 Qd4+ 19.Kh1 Bxb4 20.Bb2 Qd8 21.Nxb5 cxb5 22.Bxf6 Qxf6
23.Rxb4 Ra1 24.e5 Rxf1+ 25.Bxf1 Qh4 26.Kg1 Rc8 27.Qd2 Bc6 28.Rd4 Qe7 29.h3 h6
30.Rd6 Qb7 31.f5 Qe7 32.Qd4 Qg5 33.h4 Qc1 34.f6 Be8 35.Qg4 g6 36.Rd1 Qe3+
37.Kh1 Rc1 38.Rxc1 Qxc1 39.Qf3 b4 40.Kh2 b3 41.Bd3 b2 42.Qe4 h5 43.Qb4 Qe3
44.Qb8 Kf8 45.Qd6+ Kg8 46.Qb8 Kf8 47.Qd6+ Kg8 48.Qb8 Kf8 49.Qd6+  1/2-1/2

[Event "Scaccomatto Open"]
[Site "Torino ITA"]
[Date "2008.12.05"]
[Round "5"]
[White "Giffard,N"]
[Black "Borgo,G"]
[Result "0-1"]
[WhiteElo "2376"]
[BlackElo "2426"]

1.d4 d5 2.c4 e6 3.Nf3 Nf6 4.Nc3 c6 5.e3 Nbd7 6.Bd3 a6 7.a4 Bb4 8.O-O O-O
9.Qc2 Qe7 10.e4 dxc4 11.Bxc4 e5 12.d5 Nb6 13.Bb3 cxd5 14.exd5 Bg4 15.a5 Nbd7
16.Bg5 Rac8 17.Rfe1 Bxf3 18.gxf3 Qd6 19.Red1 Nh5 20.Kh1 h6 21.Be3 Qf6 22.Qe4 Bxc3
23.Bc2 g6 24.bxc3 Rxc3 25.Bxh6 Rfc8 26.Ba4 Nc5 27.Qg4 Nxa4 28.Rxa4 Qd6 29.Qb4 Qd7
30.Qg4 Qb5 31.Rg1 Kh7 32.Be3 Qxd5 33.Re4 R3c6 34.Qg5 Ng7 35.Rh4+ Kg8 36.Rh3 f5
37.Qe7 f4 38.Bb6 Rc1 39.Rxc1 Rxc1+ 40.Kg2 Qd1 41.Qd8+ Qxd8 42.Bxd8 Rc8 43.Bb6 Nf5
44.Kf1 Kg7 45.Ke2 Rc3 46.Kd2 Rc8 47.Kd3 Nd6 48.Rh4 Nc4 49.Ba7 Nxa5 50.Rg4 Kf6
51.Rg1 Rd8+ 52.Kc3 Nc6 53.Bc5 Nd4 54.Rb1 Rc8 55.Kc4 Ne6  0-1

[Event "FSGM December"]
[Site "Budapest HUN"]
[Date "2008.12.06"]
[Round "1"]
[White "Ilincic,Z"]
[Black "Kosic,D"]
[Result "1/2-1/2"]
[WhiteElo "2542"]
[BlackElo "2511"]

1.d4 d5 2.c4 e6 3.Nf3 Nf6 4.Nc3 c6 5.e3 Nbd7 6.Bd3 dxc4 7.Bxc4 b5 8.Bd3 a6
9.e4 c5 10.e5 cxd4 11.Nxb5 Nxe5 12.Nxe5 axb5 13.Bxb5+ Bd7 14.Nxd7 Qa5+ 15.Bd2 Qxb5
16.Nxf8 Kxf8 17.b3 Ke7  1/2-1/2

[Event "USCL KO 2008"]
[Site "ICC INT"]
[Date "2008.12.06"]
[Round "3"]
[White "Kuljasevic,D"]
[Black "Sammour Hasbun,J"]
[Result "1-0"]
[WhiteElo "2521"]
[BlackElo "2460"]

1.d4 d5 2.c4 c6 3.Nc3 Nf6 4.e3 e6 5.Nf3 Nbd7 6.Qc2 Bd6 7.g4 Nxg4 8.Rg1 Nh6
9.Bd2 f5 10.Rxg7 Qf6 11.Rg2 Nf7 12.O-O-O Nf8 13.Bd3 Ng6 14.cxd5 cxd5 15.Nb5 Bd7
16.Nxd6+ Nxd6 17.Kb1 Rc8 18.Qb3 a6 19.Ne5 Bb5 20.Bxb5+ Nxb5 21.a4 Nd6 22.Qb4 Ne4
23.Qxb7 O-O 24.f3 Nd6 25.Qxa6 Nc4 26.Nxc4 Rxc4 27.Rc1 Rxc1+ 28.Bxc1 f4 29.exf4 Qxd4
30.Qxe6+ Kh8 31.Rd2 Qxa4 32.b3  1-0